Héctor Mendoza. (Record no. 27460)

MARC details
000 -CABECERA
campo de control de longitud fija 00816nam a2200205 a 4500
005 - FECHA Y HORA DE LA ÚLTIMA TRANSACCIÓN
campo de control 20210219151106.0
008 - ELEMENTOS DE LONGITUD FIJA--INFORMACIÓN GENERAL
campo de control de longitud fija 991125n198 mx 000 0 spa u
035 ## - NÚMERO DE CONTROL DEL SISTEMA
Número de control de sistema UPN01000027460
049 ## - COLECCIÓN
Colección AV
099 ## - CLASIFICACIÓN LOCAL
Clasificación local PVI C 0615
245 00 - MENCIÓN DE TÍTULO
Título Héctor Mendoza.
260 ## - PUBLICACIÓN, DISTRIBUCIÓN, ETC.
Lugar de publicación, distribución, etc. México :
Nombre del editor, distribuidor, etc. CNCA :
-- SEP, Televisión Educativa,
Fecha de publicación, distribución, etc. [198-].
300 ## - DESCRIPCIÓN FÍSICA
Extensión 1 videocasete (VHS) (25 min.) :
Otras características físicas son., col.
440 #4 - MENCIÓN DE SERIE/ASIENTO SECUNDARIO--TÍTULO
Título Los nuestros ;
Designación de volumen o secuencia 8
520 ## - NOTA DE RESUMEN, ETC.
Sumario, etc. Héctor Mendoza, dramaturgo y director teatral cuyos méritos le hicieron acreedor al premio Juan Ruiz de Alarcón en 1953 y al premio de la Asociación de Críticos Independientes en 1966
500 ## - NOTA GENERAL
Nota general Realización: Guita Shefter
501 ## - NOTA DE "CON"
Nota de “Con” Con: Alejandro Galindo -- Luis Cardoza y Aragón -- Hugo Velázquez
600 14 - ASIENTO SECUNDARIO DE MATERIA - NOMBRE PERSONAL
Nombre de persona MENDOZA, HECTOR,
Fechas asociadas al nombre 1932-
905 ## - TIPO DE MATERIAL
Tipo de material Audiovisuales

No items available.